Histoire universelle des arts des temps primitifs jusqu'a nos jours / (Record no. 126193)

MARC details
000 -LEADER
campo de control de longitud fija 00865nam a2200217 i 4500
001 - NÚMERO DE CONTROL
campo de control 126193
003 - IDENTIFICADOR DE NÚMERO DE CONTROL
campo de control ES-MaACL
005 - FECHA Y HORA DE LA ÚLTIMA TRANSACCIÓN
campo de control 20250815062607.0
007 - CAMPO FIJO DE DESCRIPCIÓN FÍSICA--INFORMACIÓN GENERAL
campo de control de longitud fija t|
008 - DATOS DE LONGITUD FIJA--INFORMACIÓN GENERAL
campo de control de longitud fija 070214m19301936fr r ||||1| fre d
245 00 - MENCIÓN DEL TÍTULO
Título Histoire universelle des arts des temps primitifs jusqu'a nos jours /
Mención de responsabilidad, etc. publiée sous la direction de Louis Reau.
260 ## - PUBLICACIÓN, DISTRIBUCIÓN, ETC.
Lugar de publicación, distribución, etc. Paris :
Nombre del editor, distribuidor, etc. Armand Colin,
Fecha de publicación, distribución, etc. 1930-1936.
300 ## - DESCRIPCIÓN FÍSICA
Extensión 3 v. :
Otras características físicas il. ;
Dimensiones 24 cm.
505 8# - NOTA DE CONTENIDO CON FORMATO
Nota de contenido con formato Contiene: Tomo I. L'art antique, Orient, Grece, Rome par G. Contenau, V. Chapot -- Tomo II. L'art primitif, l'art Médieval par Louis Reau -- Tomo III. La Renaissance, L'art Moderne par Louis Reau.
650 #7 - PUNTO DE ACCESO ADICIONAL DE MATERIA--TÉRMINO DE MATERIA
Término de materia o nombre geográfico como elemento de entrada Historia universal
Fuente del encabezamiento o término embne
9 (RLIN) 13429
700 1# - ENTRADA AGREGADA--NOMBRE PERSONAL
Nombre de persona Réau, Louis (
Fechas asociadas al nombre 1881-1961)
9 (RLIN) 95691
700 1# - ENTRADA AGREGADA--NOMBRE PERSONAL
Nombre de persona Contenau, G.
9 (RLIN) 40276
700 0# - ENTRADA AGREGADA--NOMBRE PERSONAL
Nombre de persona Chapot, Victor.
9 (RLIN) 38038
852 ## - LOCALIZACIÓN
Ubicación ES-MaACL
Número de control de estantería P-737
Holdings
Estatus retirado Estado de pérdida Estado de daño No para préstamo Biblioteca de origen Biblioteca actual Ubicación en estantería Fecha de adquisición Fuente de adquisición Total de préstamos Signatura topográfica completa Código de barras Visto por última vez Precio de reemplazo Tipo de ítem Koha
        Biblioteca del Ateneo de Madrid Biblioteca del Ateneo de Madrid Depósito 2 17/01/2008     P-737 1131442 23/02/2023 23/02/2023 Libro impreso